• 首页
  • 本馆介绍
  • 公告通知
  • 最新文献
  • 馆藏检索
  • 电子资源
  • 读者导购
  • 参考咨询
  • 我的图书馆
  • 登录
  • 详细信息显示
  • 放入我的书架
  • 预约/预借图书
  • 作者相关作品
  • 分类相关作品
  • 丛书相关作品
  • 出版社相关作品

书目信息

  • 表格格式
  • 工作单格式
  • 卡片格式
题名:
Access 2010数据库程序设计
    
 
作者: 纪澍琴 , 于雪晶 主编
分册:  
出版信息: 北京   中国水利水电出版社  2016.2
页数: 373页
开本: 26cm
丛书名:
单 册:
中图分类: TP311.132.3 , TP311.138AC
科图分类:
主题词:
电子资源:
ISBN: 978-7-5170-4087-3
000 01067nam0 2200265 450
001 0500003400
005 20171022093124.0
010    @a978-7-5170-4087-3@dCNY48.00
100    @a20171022e20172016em y0chiy ea
101 0  @achi
102    @aCN@b110000
105    @ay z 000yy
106    @ar
200 1  @aAccess 2010数据库程序设计@9Access 2010 shu ju ku cheng xu she ji@f纪澍琴,于雪晶主编
210    @a北京@c中国水利水电出版社@d2016.2@h2017.1
215    @a373页@d26cm
330    @a本书介绍了数据库原理和基本概念,并结合Microsoft Access 2010详细介绍了数据库应用各方面的知识。全书共分10章,内容包括:数据库基础知识,Access 2010 基础,数据库和表的建立和操作,使用查询,制作窗体,创建与打印报表,使用宏,模块和VBA程序设计,VBA应用实例和高校教学管理系统。
610 0  @a关系数据库@x数据库管理系统,Access 2010@x高等学校@j教材
610 0  @aAccess
690    @aTP311.132.3@v5
690    @aTP311.138AC@v5
701  0 @a纪澍琴@9ji shu qin@4主编
701  0 @a于雪晶@9yu xue jing@4主编
801  0 @aCN@b91MARC@c20171022
905    @b1036256-60@dTP311.132.3@f5@e1179
    
    Access 2010数据库程序设计/纪澍琴,于雪晶主编.-北京:中国水利水电出版社,2016.2(2017.1)
    373页;26cm
    
    
    ISBN 978-7-5170-4087-3:CNY48.00
    本书介绍了数据库原理和基本概念,并结合Microsoft Access 2010详细介绍了数据库应用各方面的知识。全书共分10章,内容包括:数据库基础知识,Access 2010 基础,数据库和表的建立和操作,使用查询,制作窗体,创建与打印报表,使用宏,模块和VBA程序设计,VBA应用实例和高校教学管理系统。
●
相关链接 在E读中查询图书 在五车中查询图书 在当当中查询图书 在豆瓣中查询图书


正题名:Access 2010数据库程序设计     索取号:TP311.132.3/1179         预约/预借

序号 登录号 条形码 馆藏地/架位号 状态 备注
1 1036256   210362560   第二样本阅览室/ [索取号:TP311.132.3/1179] 在馆    
2 1036257   210362579   密集书库—计算机科学学院/ [索取号:TP311.132.3/1179] 在馆    
3 1036258   210362588   第三借阅区/ [索取号:TP311.132.3/1179] 在馆    
4 1036259   210362597   第三借阅区/ [索取号:TP311.132.3/1179] 在馆    
5 1036260   210362604   第三借阅区/ [索取号:TP311.132.3/1179] 在馆    
唐山师范学院图书馆 欢迎您!
大连网信软件有限公司© 版权所有